[Event "ARG-ch sf 95th"]
[Site "Buenos Aires"]
[Date "2020.03.01"]
[Round "9"]
[White "Villanueva, Mario Nicolas"]
[Black "Mendez, Ernesto"]
[Result "1-0"]
[WhiteElo "2478"]
[BlackElo "2299"]
[PlyCount "87"]
[EventDate "2020.02.22"]
[EventType "swiss"]
[EventRounds "9"]
[EventCountry "ARG"]
[SourceTitle "CBM 195 Extra"]
[Source "ChessBase"]
[SourceDate "2020.05.31"]
[SourceVersion "1"]
[SourceVersionDate "2020.05.31"]
[SourceQuality "1"]

1. e4 e5 2. Nf3 Nc6 3. Bb5 Nf6 4. d3 Bc5 5. Bxc6 dxc6 6. 0-0 Nd7 7. c3 0-0 8. d4 Bd6 9. Bg5 f6 10. Qb3+ Kh8 11. Bh4 Qe8 12. Re1 c5 13. Bg3 exd4 14. Bxd6 cxd6 15. cxd4 Nb6 16. Nc3 Be6 17. d5 Bd7 18. a4 Rb8 19. Nd2 Nc8 20. Nc4 a6 21. a5 Bb5 22. Ne3 Na7 23. Nf5 Qd7 24. Qc2 Rfe8 25. b3 Qc7 26. Ne3 Re7 27. h4 Bd7 28. h5 Rbe8 29. Qd2 h6 30. f3 Nb5 31. Ne2 f5 32. Nxf5 Bxf5 33. exf5 Nd4 34. Nxd4 Rxe1+ 35. Rxe1 Rxe1+ 36. Qxe1 cxd4 37. Qe8+ Kh7 38. Qg6+ Kh8 39. Qe8+ Kh7 40. Qe4 Qc1+ 41. Kh2 Qe3 42. Qxe3 dxe3 43. Kg1 Kg8 44. f4 1-0

[Event "ARG-ch sf 95th"]
[Site "Buenos Aires"]
[Date "2020.02.29"]
[Round "8"]
[White "Mendez, Ernesto"]
[Black "De Luca, Christian"]
[Result "1-0"]
[WhiteElo "2299"]
[BlackElo "2065"]
[PlyCount "85"]
[EventDate "2020.02.22"]
[EventType "swiss"]
[EventRounds "9"]
[EventCountry "ARG"]
[SourceTitle "CBM 195 Extra"]
[Source "ChessBase"]
[SourceDate "2020.05.31"]
[SourceVersion "1"]
[SourceVersionDate "2020.05.31"]
[SourceQuality "1"]

1. d4 Nf6 2. c4 g6 3. g3 d5 4. cxd5 Nxd5 5. Bg2 Bg7 6. Nf3 Nb6 7. Nc3 0-0 8. 0-0 Nc6 9. e3 e5 10. d5 Ne7 11. e4 h6 12. Re1 Bg4 13. h3 Bxf3 14. Bxf3 Nc4 15. h4 f5 16. h5 g5 17. b3 Nd6 18. g4 fxe4 19. Nxe4 Nxe4 20. Bxe4 Nc8 21. Be3 Nd6 22. Qd3 Qd7 23. f3 Rae8 24. Rac1 Rf6 25. Rc2 Nxe4 26. Qxe4 Bf8 27. Kg2 Bd6 28. Rf1 a6 29. Bf2 Qf7 30. Bg3 a5 31. a4 Rf4 32. Bxf4 exf4 33. Qf5 Qxf5 34. gxf5 Re3 35. Kh3 Rxb3 36. Re2 b5 37. axb5 a4 38. Kg4 a3 39. Rfe1 Re3 40. Rxe3 fxe3 41. Rxe3 a2 42. Re8+ Kf7 43. Ra8 1-0

[Event "ARG-ch sf 95th"]
[Site "Buenos Aires"]
[Date "2020.02.22"]
[Round "1"]
[White "Spotorno, Julian"]
[Black "Mendez, Ernesto"]
[Result "0-1"]
[WhiteElo "1972"]
[BlackElo "2299"]
[PlyCount "132"]
[EventDate "2020.02.22"]
[EventType "swiss"]
[EventRounds "9"]
[EventCountry "ARG"]
[SourceTitle "CBM 195 Extra"]
[Source "ChessBase"]
[SourceDate "2020.05.31"]
[SourceVersion "1"]
[SourceVersionDate "2020.05.31"]
[SourceQuality "1"]

1. g3 Nf6 2. Bg2 d5 3. Nf3 c6 4. c4 e6 5. 0-0 Be7 6. b3 0-0 7. Bb2 Nbd7 8. Nc3 b6 9. e3 Ba6 10. d3 b5 11. Nd4 Qb6 12. Rb1 Rac8 13. a4 bxc4 14. bxc4 Nc5 15. Ba3 Qc7 16. cxd5 cxd5 17. Ndb5 Qd7 18. d4 Nce4 19. Nxe4 Nxe4 20. Bxe7 Qxe7 21. Bxe4 dxe4 22. Qd2 Rc6 23. Qb4 Qd7 24. Rfc1 Rfc8 25. Rc5 h6 26. Rbc1 f5 27. Rxc6 Rxc6 28. Rxc6 Qxc6 29. Qc5 Qd7 30. Qxa7 Qxa7 31. Nxa7 Kf7 32. Nc6 Ke8 33. Kg2 Bb7 34. Ne5 Kd8 35. Kh3 Ba6 36. Kh4 Be2 37. g4 fxg4 38. Nxg4 Kc7 39. Kg3 Kb6 40. Kf4 Ka5 41. Ne5 Kxa4 42. Kxe4 Kb5 43. f4 Bd1 44. f5 Bc2+ 45. Kf4 Bxf5 46. h4 Bc2 47. Nf7 Kc6 48. Ke5 Kd7 49. Nh8 Ke7 50. e4 g5 51. hxg5 hxg5 52. Ng6+ Kf7 53. Nf4 gxf4 54. Kxf4 Kf6 55. Ke3 Kg5 56. Kf3 Bb1 57. Ke3 Ba2 58. Kf3 Bb3 59. Ke3 Kg4 60. Kd2 Kf4 61. d5 e5 62. Kc3 Kxe4 63. Kxb3 Kxd5 64. Kc2 Ke4 65. Kd1 Kf3 66. Ke1 Ke3 0-1

[Event "Buenos Aires Szmetan Giardelli op"]
[Site "Buenos Aires"]
[Date "2018.12.12"]
[Round "9"]
[White "Mendez, Ernesto"]
[Black "Tomas Falcon, Jesus"]
[Result "1/2-1/2"]
[WhiteElo "2340"]
[BlackElo "2155"]
[PlyCount "33"]
[EventDate "2018.12.04"]
[EventType "swiss"]
[EventRounds "9"]
[EventCountry "ARG"]
[SourceTitle "CBM 187 Extra"]
[Source "ChessBase"]
[SourceDate "2018.11.04"]
[SourceVersion "1"]
[SourceVersionDate "2018.11.04"]
[SourceQuality "1"]

1. d4 Nf6 2. c4 c5 3. d5 e6 4. Nc3 exd5 5. Nxd5 d6 6. g3 g6 7. Bg2 Bg7 8. Nf3 0-0 9. 0-0 a6 10. a4 Re8 11. Bf4 Qc7 12. Re1 Nh5 13. Bd2 Nd7 14. a5 Rb8 15. e4 b5 16. axb6 Nxb6 17. Bf1 1/2-1/2

[Event "Buenos Aires Szmetan Giardelli op"]
[Site "Buenos Aires"]
[Date "2018.12.08"]
[Round "5"]
[White "Mendez, Ernesto"]
[Black "Giacomini, Hector"]
[Result "1/2-1/2"]
[WhiteElo "2340"]
[BlackElo "2212"]
[PlyCount "59"]
[EventDate "2018.12.04"]
[EventType "swiss"]
[EventRounds "9"]
[EventCountry "ARG"]
[SourceTitle "CBM 187 Extra"]
[Source "ChessBase"]
[SourceDate "2018.11.04"]
[SourceVersion "1"]
[SourceVersionDate "2018.11.04"]
[SourceQuality "1"]

1. d4 d5 2. c4 e6 3. Nf3 Nf6 4. g3 dxc4 5. Bg2 a6 6. 0-0 Nc6 7. e3 Bd7 8. b3 cxb3 9. Qxb3 Rb8 10. Nbd2 Bd6 11. Bb2 Qe7 12. e4 Bb4 13. a3 Bxd2 14. Nxd2 0-0 15. Rac1 Rfc8 16. d5 Nd8 17. Rfe1 b5 18. Be5 Ne8 19. Qb2 f6 20. Bf4 e5 21. Be3 c5 22. dxc6 Nxc6 23. Nb3 Nd6 24. Bc5 Qe6 25. Red1 Nc4 26. Qb1 a5 27. Bf1 a4 28. Nd2 N6a5 29. Nxc4 Nxc4 30. Qb4 1/2-1/2

[Event "Buenos Aires Szmetan Giardelli op"]
[Site "Buenos Aires"]
[Date "2018.12.06"]
[Round "3"]
[White "Mendez, Ernesto"]
[Black "Nejanky, Maisa"]
[Result "1-0"]
[WhiteElo "2340"]
[BlackElo "2032"]
[PlyCount "71"]
[EventDate "2018.12.04"]
[EventType "swiss"]
[EventRounds "9"]
[EventCountry "ARG"]
[SourceTitle "CBM 187 Extra"]
[Source "ChessBase"]
[SourceDate "2018.11.04"]
[SourceVersion "1"]
[SourceVersionDate "2018.11.04"]
[SourceQuality "1"]

1. d4 Nf6 2. c4 e6 3. g3 c5 4. d5 exd5 5. cxd5 b5 6. e4 Nxe4 7. Bg2 Nd6 8. Nf3 Be7 9. 0-0 0-0 10. Bf4 Na6 11. Nc3 b4 12. Bxd6 Bxd6 13. Ne4 Be7 14. Ne5 Rb8 15. Re1 f6 16. d6 fxe5 17. Qd5+ Kh8 18. dxe7 Qxe7 19. Nd6 Rb6 20. Nxc8 Rxc8 21. Rxe5 Qf6 22. Rae1 Rf8 23. Rf5 Qd8 24. Qxd7 Rbf6 25. Qxd8 Rxd8 26. Rfe5 g6 27. Re7 Rfd6 28. Rxa7 R8d7 29. Rxd7 Rxd7 30. Re6 Ra7 31. Bf1 b3 32. a3 Nc7 33. Re7 Kg8 34. Bc4+ Kf8 35. Rxh7 Rxa3 36. Rxc7 1-0

[Event "Villa Martelli ProAm op 25th"]
[Site "Villa Martelli"]
[Date "2018.11.06"]
[Round "4"]
[White "Mendez, Ernesto"]
[Black "Sosa, Tomas Sebastian"]
[Result "0-1"]
[WhiteElo "2332"]
[BlackElo "2493"]
[PlyCount "56"]
[EventDate "2018.11.03"]
[EventType "swiss"]
[EventRounds "9"]
[EventCountry "ARG"]
[SourceTitle "EXT 2020"]
[Source "ChessBase"]
[SourceDate "2019.10.17"]
[SourceVersion "1"]
[SourceVersionDate "2019.10.17"]
[SourceQuality "1"]

1. d4 g6 2. c4 Bg7 3. g3 d6 4. Bg2 c6 5. Nc3 Qb6 6. Nf3 Bg4 7. e3 Nf6 8. 0-0 Qb4 9. Qe2 Nbd7 10. Bd2 Qxb2 11. Rab1 Qa3 12. c5 dxc5 13. h3 cxd4 14. exd4 Bxf3 15. Bxf3 0-0 16. Rxb7 Rac8 17. Rfb1 e5 18. dxe5 Rfe8 19. R1b3 Qa5 20. Nd5 Qxa2 21. Nxf6+ Bxf6 22. Bg4 Nc5 23. Bxc8 Rxe5 24. Qc4 Nxb7 25. Bxb7 Qxd2 26. Rf3 Kg7 27. Bxc6 Re1+ 28. Kg2 Rc1 0-1

[Event "ARG-chT"]
[Site "Villa Martelli"]
[Date "2018.08.04"]
[Round "5.1"]
[White "Mendez, Ernesto"]
[Black "Molina, Pablo Sebastian"]
[Result "0-1"]
[WhiteElo "2361"]
[BlackElo "2280"]
[PlyCount "78"]
[EventDate "2018.07.07"]
[EventType "team-swiss"]
[EventRounds "9"]
[EventCountry "ARG"]
[SourceTitle "CBM 187 Extra"]
[Source "ChessBase"]
[SourceDate "2018.11.04"]
[SourceVersion "1"]
[SourceVersionDate "2018.11.04"]
[SourceQuality "1"]
[WhiteTeam "Torre Blanca"]
[BlackTeam "Mar del Plata"]
[WhiteTeamCountry "ARG"]
[BlackTeamCountry "ARG"]

1. d4 f5 2. g3 e6 3. Bg2 Nf6 4. c4 Be7 5. Nd2 0-0 6. Nh3 d6 7. Nf3 Ne4 8. Nf4 c6 9. 0-0 Qc7 10. Nd3 Nd7 11. b3 b5 12. Qc2 bxc4 13. Qxc4 Nb6 14. Qc2 Bb7 15. Bb2 Rac8 16. Rac1 Qd7 17. b4 Ba6 18. a4 Nd5 19. Ba3 g5 20. Nd2 Ndc3 21. Nxe4 Nxe4 22. f3 Nf6 23. e4 g4 24. exf5 exf5 25. Rfe1 gxf3 26. Bxf3 Ne4 27. Bxe4 fxe4 28. Rxe4 Bg5 29. Rce1 Rf3 30. b5 cxb5 31. Qe2 Rcf8 32. Ne5 dxe5 33. Bxf8 Rxf8 34. Qh5 Qf5 35. Qe2 exd4 36. Rxd4 bxa4 37. Qa2+ Kh8 38. Rde4 Bf6 39. Qa3 Bd4+ 0-1

[Event "Buenos Aires Grafica Yael-A"]
[Site "Buenos Aires"]
[Date "2018.07.31"]
[Round "5"]
[White "Ocantos, Manuel"]
[Black "Mendez, Ernesto"]
[Result "1-0"]
[WhiteElo "2219"]
[BlackElo "2361"]
[PlyCount "73"]
[EventDate "2018.07.28"]
[EventType "tourn"]
[EventRounds "9"]
[EventCountry "ARG"]
[EventCategory "1"]
[SourceTitle "CBM 185 Extra"]
[Source "ChessBase"]
[SourceDate "2018.07.29"]
[SourceVersion "1"]
[SourceVersionDate "2018.07.29"]
[SourceQuality "1"]

1. e4 e5 2. Nf3 Nc6 3. d4 exd4 4. Nxd4 Bc5 5. Be3 Qf6 6. c3 Nge7 7. Bc4 Ne5 8. Be2 Qg6 9. 0-0 d6 10. f3 0-0 11. Kh1 Bb6 12. Nd2 d5 13. Bf4 N5c6 14. Nb5 Be6 15. Nxc7 Rad8 16. Qe1 Qf6 17. Bg3 Be3 18. Rd1 Qh6 19. Nb3 Bb6 20. Bd3 dxe4 21. Nxe6 fxe6 22. Bxe4 Rxd1 23. Qxd1 Nf5 24. Bxf5 exf5 25. Qd5+ Kh8 26. Re1 f4 27. Qf7 g5 28. Re8 Rxe8 29. Qxe8+ Kg7 30. Qd7+ Kg8 31. Qc8+ Nd8 32. Bf2 Bxf2 33. Qxd8+ Kg7 34. Qc7+ Kg6 35. Qxb7 Qh4 36. Qe4+ Kg7 37. Nd4 1-0

[Event "Buenos Aires Grafica Yael-A"]
[Site "Buenos Aires"]
[Date "2018.07.29"]
[Round "2"]
[White "Mendez, Ernesto"]
[Black "Di Giannantonio, Nino"]
[Result "0-1"]
[WhiteElo "2361"]
[BlackElo "2404"]
[PlyCount "142"]
[EventDate "2018.07.28"]
[EventType "tourn"]
[EventRounds "9"]
[EventCountry "ARG"]
[EventCategory "1"]
[SourceTitle "CBM 185 Extra"]
[Source "ChessBase"]
[SourceDate "2018.07.29"]
[SourceVersion "1"]
[SourceVersionDate "2018.07.29"]
[SourceQuality "1"]

1. d4 Nf6 2. c4 g6 3. Nc3 d5 4. Bg5 Bg7 5. Bxf6 Bxf6 6. cxd5 c6 7. e3 cxd5 8. Nge2 e6 9. Nf4 Nc6 10. Be2 0-0 11. 0-0 Bd7 12. Nd3 Be7 13. Rc1 Rc8 14. a3 b6 15. Ne5 Nxe5 16. dxe5 Rc7 17. Qd2 Qb8 18. Rfd1 Rfc8 19. Ba6 Rd8 20. Bd3 b5 21. f4 Qb6 22. Ne2 Rxc1 23. Rxc1 b4 24. Ra1 Bc5 25. Kf2 bxa3 26. bxa3 Rc8 27. g3 Qb3 28. Nc1 Qa4 29. Qb2 Qd1 30. Ba6 Qh1 31. Ne2 Qxh2+ 32. Kf3 Rd8 33. Rc1 Bb6 34. Qb4 Qh5+ 35. Kf2 g5 36. Rf1 Bc6 37. Nd4 Bxd4 38. exd4 Rf8 39. Qe7 Rb8 40. Qxg5+ Qxg5 41. fxg5 Rb2+ 42. Ke3 Rb3+ 43. Kd2 Rxa3 44. Bd3 Bb7 45. Rh1 Ba6 46. Bxh7+ Kg7 47. Rh3 Bf1 48. Rh1 Bg2 49. Rh5 Rxg3 50. Bd3 Be4 51. Bxe4 dxe4 52. Ke2 Rd3 53. Rh1 Rxd4 54. Ke3 Ra4 55. Rb1 a5 56. Rb8 Rb4 57. Ra8 a4 58. Kf4 Rc4 59. Ke3 Kg6 60. Ra7 Kg7 61. Kf4 Rb4 62. Ke3 Rb3+ 63. Kxe4 Ra3 64. Kd4 Ra1 65. Kc5 a3 66. Kd6 a2 67. Ke7 Re1 68. Rxa2 Rxe5 69. g6 Kxg6 70. Rf2 Rf5 71. Rg2+ Kh5 0-1

[Event "ARG-ch sf 93rd"]
[Site "Buenos Aires"]
[Date "2018.05.26"]
[Round "8"]
[White "Mendez, Ernesto"]
[Black "Villegas, Franco"]
[Result "1-0"]
[WhiteElo "2363"]
[BlackElo "2250"]
[PlyCount "77"]
[EventDate "2018.05.19"]
[EventType "swiss"]
[EventRounds "9"]
[EventCountry "ARG"]
[SourceTitle "CBM 184 Extra"]
[Source "ChessBase"]
[SourceDate "2018.06.28"]
[SourceVersion "1"]
[SourceVersionDate "2018.06.28"]
[SourceQuality "1"]

1. d4 Nf6 2. c4 g6 3. Nc3 d5 4. Bg5 Ne4 5. Bf4 Nxc3 6. bxc3 dxc4 7. e3 Be6 8. Nf3 Bg7 9. Qb1 b6 10. Nd2 0-0 11. Nxc4 Bd5 12. e4 Bb7 13. Be5 c5 14. Bxg7 Kxg7 15. Qd3 Qc7 16. d5 Nd7 17. Be2 Nf6 18. Nd2 e6 19. dxe6 Rae8 20. f3 Rxe6 21. 0-0 Rd8 22. Qc2 Qf4 23. Rad1 Red6 24. Nc4 Rxd1 25. Rxd1 Rxd1+ 26. Bxd1 Ba6 27. Qd2 Qxd2 28. Nxd2 Nd7 29. f4 Bd3 30. Kf2 c4 31. Ke3 Nc5 32. Bg4 f5 33. exf5 gxf5 34. Bf3 Kf6 35. Bd5 b5 36. Kd4 Na4 37. Bc6 a6 38. Bb7 a5 39. Bc6 1-0

[Event "ARG-ch sf 93rd"]
[Site "Buenos Aires"]
[Date "2018.05.23"]
[Round "5"]
[White "Quiroga, Facundo"]
[Black "Mendez, Ernesto"]
[Result "1/2-1/2"]
[WhiteElo "2278"]
[BlackElo "2363"]
[PlyCount "116"]
[EventDate "2018.05.19"]
[EventType "swiss"]
[EventRounds "9"]
[EventCountry "ARG"]
[SourceTitle "CBM 184 Extra"]
[Source "ChessBase"]
[SourceDate "2018.06.28"]
[SourceVersion "1"]
[SourceVersionDate "2018.06.28"]
[SourceQuality "1"]

1. d4 Nf6 2. c4 e6 3. Nf3 d5 4. cxd5 exd5 5. Nc3 c6 6. Qc2 Be7 7. Bg5 0-0 8. e3 Re8 9. Bd3 Ne4 10. Bxe7 Qxe7 11. 0-0 Nd7 12. b4 Qxb4 13. Nxe4 dxe4 14. Bxe4 Nf8 15. Rfc1 Ng6 16. a4 Qe7 17. Bxg6 hxg6 18. a5 Bf5 19. Qc5 a6 20. Qxe7 Rxe7 21. Ra3 Rd8 22. Rc5 Bg4 23. Nd2 Be2 24. f3 f6 25. Kf2 Bb5 26. Nb3 Kf7 27. Ra2 g5 28. h3 Red7 29. Rc3 Re7 30. Nc5 f5 31. Rd2 f4 32. e4 Kg6 33. Ke1 Kf6 34. Kd1 Kg6 35. Kc1 Kf6 36. Kb2 Kg6 37. Rc1 Kf7 38. Kc3 Kf6 39. Kb4 Kf7 40. Rcd1 Kf6 41. d5 cxd5 42. exd5 Re5 43. d6 Bd7 44. Rd5 Rxd5 45. Rxd5 Bc6 46. Ne4+ Ke6 47. Rxg5 Bxe4 48. fxe4 Rxd6 49. Rxg7 Ke5 50. Re7+ Kd4 51. e5 Rg6 52. e6 Kd5 53. Rxb7 Rxg2 54. Rf7 Kxe6 55. Rxf4 Rb2+ 56. Ka3 Rb5 57. Ka4 Rh5 58. h4 Kd6 1/2-1/2

[Event "ARG-ch sf 93rd"]
[Site "Buenos Aires"]
[Date "2018.05.22"]
[Round "4"]
[White "Mendez, Ernesto"]
[Black "Toniutti, Ezio"]
[Result "1/2-1/2"]
[WhiteElo "2363"]
[BlackElo "2283"]
[PlyCount "105"]
[EventDate "2018.05.19"]
[EventType "swiss"]
[EventRounds "9"]
[EventCountry "ARG"]
[SourceTitle "CBM 184 Extra"]
[Source "ChessBase"]
[SourceDate "2018.06.28"]
[SourceVersion "1"]
[SourceVersionDate "2018.06.28"]
[SourceQuality "1"]

1. d4 d5 2. c4 c6 3. Nf3 Nf6 4. e3 Bf5 5. Nc3 a6 6. Qb3 b5 7. cxb5 cxb5 8. Ne5 e6 9. Be2 h6 10. 0-0 Be7 11. Bd2 0-0 12. a4 b4 13. Na2 a5 14. Qd1 Nfd7 15. Nxd7 Nxd7 16. Nc1 Nb6 17. b3 Qc7 18. Bd3 Bxd3 19. Nxd3 Rfc8 20. Rc1 Qb7 21. Qg4 Nd7 22. Qe2 Bd6 23. g3 Qa6 24. Nf4 Qxe2 25. Nxe2 e5 26. f3 Kf8 27. Kf2 Ke7 28. dxe5 Bxe5 29. Rxc8 Rxc8 30. Rc1 Rxc1 31. Nxc1 Nc5 32. Ke2 Kd6 33. Kd1 h5 34. Kc2 Bf6 35. Nd3 Ne6 36. Nf4 Ng5 37. Nxh5 Ba1 38. h4 Nxf3 39. Nf4 Be5 40. h5 Ng5 41. g4 Ne4 42. Be1 Bxf4 43. exf4 Nf6 44. Bf2 Nxg4 45. Bd4 g6 46. hxg6 fxg6 47. Bb6 Kc6 48. Bxa5 Ne3+ 49. Kd2 Ng2 50. Bxb4 Nxf4 51. Be7 d4 52. b4 Nd5 53. b5+ 1/2-1/2

[Event "Paraguay"]
[Site "Paraguay"]
[Date "2012.04.08"]
[Round "9"]
[White "Garcia, Raimundo"]
[Black "Mendez, Ernesto"]
[Result "1/2-1/2"]
[WhiteElo "2338"]
[BlackElo "2358"]
[PlyCount "28"]
[EventDate "2012.04.02"]
[EventType "tourn"]
[EventRounds "9"]
[EventCountry "PAR"]
[EventCategory "3"]
[SourceTitle "CBM 147 Extra"]
[Source "ChessBase"]
[SourceDate "2012.04.24"]
[SourceVersion "1"]
[SourceVersionDate "2012.04.24"]
[SourceQuality "1"]

1. d4 d5 2. c4 e6 3. Nc3 Nf6 4. Nf3 Be7 5. Bg5 h6 6. Bxf6 Bxf6 7. e3 0-0 8. Rc1 c6 9. Bd3 dxc4 10. Bxc4 Nd7 11. 0-0 e5 12. Ne4 exd4 13. Nxf6+ Qxf6 14. Qxd4 Qxd4 1/2-1/2

[Event "Paraguay"]
[Site "Paraguay"]
[Date "2012.04.07"]
[Round "8"]
[White "Mendez, Ernesto"]
[Black "Rego, Vinicius Vilela"]
[Result "1-0"]
[WhiteElo "2358"]
[BlackElo "2274"]
[PlyCount "85"]
[EventDate "2012.04.02"]
[EventType "tourn"]
[EventRounds "9"]
[EventCountry "PAR"]
[EventCategory "3"]
[SourceTitle "CBM 147 Extra"]
[Source "ChessBase"]
[SourceDate "2012.04.24"]
[SourceVersion "1"]
[SourceVersionDate "2012.04.24"]
[SourceQuality "1"]

1. d4 Nf6 2. c4 c5 3. d5 b5 4. cxb5 e6 5. Nc3 exd5 6. Nxd5 Bb7 7. e4 a6 8. bxa6 Nxa6 9. Bc4 Nxd5 10. exd5 Bd6 11. Nf3 Qe7+ 12. Be3 Qe4 13. Rc1 Nb4 14. 0-0 0-0 15. a3 Nxd5 16. Bxd5 Qxd5 17. Qxd5 Bxd5 18. Rfd1 Bxf3 19. Rxd6 Bc6 20. Bxc5 Rfb8 21. Bb4 Rb5 22. f3 f6 23. Re1 Kf7 24. Kf2 Rf5 25. Rd3 h5 26. Re7+ Kg6 27. h3 Bb5 28. Rde3 Rc8 29. Bc3 Ba4 30. g4 Rd5 31. Kg3 Rc4 32. Re8 Bc2 33. R3e7 hxg4 34. hxg4 Rg5 35. f4 Rd5 36. f5+ Bxf5 37. gxf5+ Rxf5 38. Rxd7 Rcf4 39. Re3 Rf1 40. Rd2 Rg1+ 41. Kh2 Rfg5 42. Ree2 R1g4 43. Rg2 1-0

[Event "Santiago Endesa IM"]
[Site "Santiago de Chile"]
[Date "2010.??.??"]
[Round "9"]
[White "Cortes Moyano, Julio"]
[Black "Mendez, Ernesto"]
[Result "1/2-1/2"]
[WhiteElo "2217"]
[BlackElo "2361"]
[PlyCount "36"]
[EventDate "2010.11.02"]
[EventType "tourn"]
[EventRounds "9"]
[EventCountry "CHI"]
[SourceTitle "EXT 2012"]
[Source "ChessBase"]
[SourceDate "2011.11.24"]
[SourceVersion "1"]
[SourceVersionDate "2011.11.24"]
[SourceQuality "1"]

1. d4 d5 2. c4 e6 3. e3 Nf6 4. Nc3 a6 5. Nf3 Be7 6. Qc2 0-0 7. a3 dxc4 8. Bxc4 c5 9. dxc5 Bxc5 10. b4 Bd6 11. Bb2 b5 12. Ba2 Bb7 13. Rc1 Nbd7 14. Qe2 Qe7 15. 0-0 Rac8 16. g3 Nb6 17. Nd2 Rc7 18. e4 Be5 1/2-1/2

[Event "Santiago Endesa IM"]
[Site "Santiago de Chile"]
[Date "2010.??.??"]
[Round "2"]
[White "Mendez, Ernesto"]
[Black "Farfan Ortiz, Enrique Alfredo"]
[Result "1-0"]
[WhiteElo "2361"]
[BlackElo "2191"]
[PlyCount "91"]
[EventDate "2010.11.02"]
[EventType "tourn"]
[EventRounds "9"]
[EventCountry "CHI"]
[SourceTitle "EXT 2012"]
[Source "ChessBase"]
[SourceDate "2011.11.24"]
[SourceVersion "1"]
[SourceVersionDate "2011.11.24"]
[SourceQuality "1"]

1. d4 Nf6 2. c4 c5 3. d5 b5 4. cxb5 a6 5. bxa6 Bxa6 6. Nc3 d6 7. Nf3 g6 8. g3 Bg7 9. Bg2 Nbd7 10. Rb1 0-0 11. 0-0 Qa5 12. Qc2 Rfb8 13. Bd2 Ne8 14. a4 Qb6 15. b3 Nc7 16. Rfd1 Bb7 17. e4 Na6 18. Na2 Nb4 19. Nxb4 cxb4 20. Be3 Qa5 21. Bd4 Rc8 22. Qd2 Nf6 23. Re1 Rc7 24. Bb2 Rac8 25. Nd4 Rc5 26. Rbc1 Nd7 27. Bh3 Rxc1 28. Rxc1 Rxc1+ 29. Qxc1 Nc5 30. Qc2 Qb6 31. Nc6 Bxc6 32. Bxg7 Kxg7 33. dxc6 Qxc6 34. Bg2 e5 35. Qc4 Qb6 36. Qd5 Kf6 37. Bf1 Qc7 38. Bc4 Ne6 39. a5 Nc5 40. a6 Kg7 41. Kg2 h5 42. h4 Qd7 43. Qa8 Qc7 44. a7 Nxe4 45. Bd5 Nf6 46. Qb8 1-0

[Event "Santiago Endesa IM"]
[Site "Santiago de Chile"]
[Date "2010.??.??"]
[Round "1"]
[White "Mendez, Ernesto"]
[Black "Velasquez Ojeda, Cesar"]
[Result "1-0"]
[WhiteElo "2361"]
[BlackElo "2325"]
[PlyCount "44"]
[EventDate "2010.11.02"]
[EventType "tourn"]
[EventRounds "9"]
[EventCountry "CHI"]
[SourceTitle "EXT 2012"]
[Source "ChessBase"]
[SourceDate "2011.11.24"]
[SourceVersion "1"]
[SourceVersionDate "2011.11.24"]
[SourceQuality "1"]

1. d4 Nf6 2. c4 c5 3. d5 b5 4. cxb5 a6 5. bxa6 Bxa6 6. Nc3 d6 7. Nf3 g6 8. g3 Bg7 9. Bg2 Nbd7 10. Rb1 Ng4 11. 0-0 Bxc3 12. bxc3 0-0 13. h3 Nge5 14. Nxe5 Qa5 15. Bh6 Rfe8 16. a4 Bc8 17. Ra1 f6 18. Bf4 Kg7 19. e4 c4 20. Bd2 Qc7 21. f4 Rh8 22. a5 Rb8 1-0

[Event "Santiago Endesa"]
[Site "Santiago de Chile"]
[Date "2009.10.??"]
[Round "2"]
[White "Cuevas Araya, Walter"]
[Black "Mendez, Ernesto"]
[Result "0-1"]
[WhiteElo "2238"]
[BlackElo "2363"]
[PlyCount "86"]
[EventDate "2009.10.??"]
[EventType "tourn"]
[EventRounds "9"]
[EventCountry "CHI"]
[EventCategory "3"]
[SourceTitle "CBM 132 Extra"]
[Source "ChessBase"]
[SourceDate "2009.11.03"]
[SourceVersion "1"]
[SourceVersionDate "2009.11.03"]
[SourceQuality "1"]

1. d4 d5 2. c4 c6 3. Nf3 Nf6 4. g3 Bf5 5. Bg2 e6 6. 0-0 Nbd7 7. Nbd2 h6 8. Qb3 Qc7 9. Re1 Be7 10. Ne5 Nxe5 11. dxe5 Nd7 12. e4 Nc5 13. Qc3 dxe4 14. Nxe4 Nxe4 15. Bxe4 Bxe4 16. Rxe4 0-0-0 17. Rd4 c5 18. Rxd8+ Rxd8 19. Be3 Qc6 20. Re1 h5 21. h4 Qa4 22. a3 g6 23. Kf1 b6 24. Ke2 a5 25. Ra1 Qc6 26. Rd1 a4 27. Rxd8+ Bxd8 28. Qd3 Bc7 29. f4 Kb7 30. Bf2 Ka6 31. Ke3 b5 32. b3 b4 33. axb4 cxb4 34. c5+ Ka5 35. bxa4 Qxc5+ 36. Ke2 Qc6 37. Qd4 Kxa4 38. Qa1+ Kb5 39. Qa7 b3 40. Bd4 Qe4+ 41. Be3 Qc2+ 42. Kf3 Qc6+ 43. Ke2 b2 0-1

[Event "Ortigueira op 1st"]
[Site "Ortigueira"]
[Date "2002.08.09"]
[Round "7"]
[White "Mendez, Ernesto"]
[Black "Movsziszian, Karen"]
[Result "0-1"]
[WhiteElo "2399"]
[BlackElo "2494"]
[PlyCount "80"]
[EventDate "2002.08.04"]
[EventType "swiss"]
[EventRounds "9"]
[EventCountry "ESP"]
[SourceTitle "CBM 089 Extra"]
[Source "ChessBase"]
[SourceDate "2002.09.10"]
[SourceVersion "2"]
[SourceVersionDate "2002.09.10"]
[SourceQuality "1"]

1. d4 g6 2. e4 Bg7 3. Nc3 d6 4. Be3 c6 5. Qd2 b5 6. Bd3 Nd7 7. Nf3 Qc7 8. 0-0 Ngf6 9. Bh6 0-0 10. Bxg7 Kxg7 11. Rfe1 e5 12. dxe5 dxe5 13. a4 b4 14. Nd1 a5 15. Ne3 h6 16. Nc4 Ba6 17. Qe3 Ng4 18. Qe2 Bxc4 19. Bxc4 Nc5 20. Nd2 Nf6 21. f3 Rfd8 22. Nf1 Qe7 23. Kh1 Rd7 24. Qf2 Rad8 25. Qg3 Nh5 26. Qf2 Rd4 27. b3 Nf4 28. g3 Nh3 29. Qe3 h5 30. Kg2 Qd7 31. Be2 h4 32. Rad1 hxg3 33. hxg3 Ne6 34. Rxd4 Nxd4 35. Bd1 Rh8 36. f4 exf4 37. gxf4 Ne6 38. Bg4 Nexf4+ 39. Kf3 Qd6 40. Ng3 Ng5+ 0-1

[Event "Ortigueira op 1st"]
[Site "Ortigueira"]
[Date "2002.08.08"]
[Round "6"]
[White "Bofill Mas, Alejandro"]
[Black "Mendez, Ernesto"]
[Result "1/2-1/2"]
[WhiteElo "2386"]
[BlackElo "2399"]
[PlyCount "76"]
[EventDate "2002.08.04"]
[EventType "swiss"]
[EventRounds "9"]
[EventCountry "ESP"]
[SourceTitle "CBM 089 Extra"]
[Source "ChessBase"]
[SourceDate "2002.09.10"]
[SourceVersion "2"]
[SourceVersionDate "2002.09.10"]
[SourceQuality "1"]

1. c4 e5 2. g3 g6 3. Bg2 Bg7 4. Nc3 Ne7 5. d3 d6 6. Rb1 0-0 7. h4 c6 8. h5 Be6 9. Nf3 f6 10. hxg6 hxg6 11. b3 d5 12. Kf1 Na6 13. Ba3 c5 14. e4 dxe4 15. dxe4 Qxd1+ 16. Rxd1 Rfd8 17. Nd5 Nxd5 18. exd5 b6 19. Nd2 Bf5 20. Be4 Bxe4 21. Nxe4 Kf7 22. Ke2 Rh8 23. Rxh8 Bxh8 24. Rh1 Bg7 25. f4 exf4 26. gxf4 Nc7 27. Kf3 Kg8 28. f5 Kf7 29. fxg6+ Kxg6 30. Bb2 Ne8 31. Rg1+ Kf7 32. a3 b5 33. Rg2 bxc4 34. bxc4 Rb8 35. Nxc5 Rc8 36. Ne6 Rxc4 37. Nd8+ Ke7 38. Nb7 Bh6 1/2-1/2